Statistiques concernant Histoire de France au XIIIème siècle

Cliquez ici pour prendre le quiz!

Statistiques générales

  • Ce quiz a été pris 4 120 fois
  • Le résultat moyen est 6 sur 15

Statistiques - réponses

HintRéponse% Correct
Début de la reconstruction de cette cathédrale du couronnement des rois de France.Cathédrale de Reims
87%
Fondation de ce collège universitaire à Paris et future université.Collège de Sorbonne
77%
Fin de la construction de la merveille de ce site de pèlerinage majeur du nord-ouest de la France.Mont Saint-Michel
55%
Début d'une croisade contre cette foi chrétienne du sud de la France, opposée aux sacrements.Catharisme
54%
Cette puissance prends le contrôle de la Corse. Elle le gardera pendant plus de 4 siècles.Gênes
40%
Ces grandes foires commerciales atteignent leur apogée, elles sont un lieu d'échanges commerciaux et culturels rayonnants sur toute l'Europe.Foires de {Champagne}
37%
Cette relique est achetée à prix d'or par Louis IX. Elle est alors placée dans la Sainte-Chapelle, construite pour l'occasion.Sainte couronne
36%
Victoire décisive de Philippe Auguste face au Saint-Empire, au royaume d'Angleterre et au comté de Flandre.Bouvines
35%
Signature de l'Auld Alliance. Le royaume de France s'allie avec cet autre royaume. Cette alliance durera 265 ans.Écosse
31%
La prise de ce château par Philippe Auguste entraîne le rattachement de la Normandie au royaume de France.Château-{Gaillard}
28%
Début de la régence de cette reine de France, qui durera 9 ans.Blanche de Castille
27%
Abolition de ce type d'épreuve sensée incarner le jugement de Dieu, désormais considérée barbare par la papauté.Ordalie
21%
Guillaume de Lorris termine la première partie de ce roman courtois, Jean de Meung en écrira une deuxième partie quelques années plus tard.Roman de la Rose
12%
Le port de cette pièce d'étoffe est rendue obligatoire dans le royaume de France pour les juifs.Rouelle
11%
Décès de ce poète notamment connu pour "Que sont mes amis devenus".Rutebeuf
8%

Distribution des résultats

Percentile par nombre de réponses

% des personnes avec chaque résultat

Votre développement - résultats

Vous n’avez pas pris ce quiz